Commercial fertilizers and soil management (Record no. 19570)

MARC details
000 -LEADER
fixed length control field 00287nam a2200109Ia 4500
082 ## - DEWEY DECIMAL CLASSIFICATION NUMBER
Classification number 631.4'.8
Item number COM;1
245 #0 - TITLE STATEMENT
Title Commercial fertilizers and soil management
260 ## - PUBLICATION, DISTRIBUTION, ETC. (IMPRINT)
Place of publication Berlin
Name of publisher Bergban Handel
650 ## - SUBJECT ADDED ENTRY--TOPICAL TERM
Topical Term Soil analysis
942 ## - ADDED ENTRY ELEMENTS (KOHA)
Koha item type Books
Holdings
Withdrawn status Lost status Damaged status Not for loan Home library Current library Date acquired Full call number Accession Number Koha item type
        RRII Library RRII Library 16/12/2021 631.4'.8 COM;1 00304 Books